000 00951nam a2200433Ia 4500
001 157129
003 251670
005 20241127063329.0
008 170629s1992 ||||||||| 000 0 spa d
041 _aspa
082 _a180
100 1 _aGrenet, Paul Bernard
_9196536
245 0 _aHistoria de la filosofía antigua
_bCurso de filosofía tomista
250 _aQuinta Edición
260 _c1992.
562 _e1
650 0 _aFilosofía
_9708
650 _aHISTORIA ANTIGUA
_9143345
650 _aHISTORIA DE LA FILOSOFÍA
_9189310
942 _cBKM
999 _c157129
_d157129
526 _a17598
526 _a102617
526 _a102618
526 _a15794
526 _a102620
526 _a10406
526 _a105630
526 _a1698
526 _a116204
526 _a4969
526 _a19790
526 _a104436
526 _a5144
526 _a51868
526 _a3899
526 _a9683
526 _a1703
526 _a1697